| 000 | 00000nas 2200000za 4500 |
| 001 | 9.501525 |
| 003 | CaOODSP |
| 005 | 20200325084250 |
| 007 | cr ||||||||||| |
| 008 | 150406c20069999oncux m o||||f0 |0fre|d |
| 040 | |aCaOODSP|bfre |
| 043 | |an-cn--- |
| 086 | 1 |aEn3-5F-PDF |
| 110 | 1 |aCanada. |bEnvironnement Canada. |
| 245 | 10|aLoi sur les espèces en péril, série de Plans de gestion |h[ressource électronique] / |cPublié conjointement avec Pêches et Océans Canada. |
| 246 | 1 |iTitre additionnel (dans la publication) : |aSérie de Plans de gestion de la Loi sur les espèces en péril |
| 260 | |aOttawa : |bEnvironnement Canada, |c2006- |
| 310 | |aIrrégulier |
| 710 | 1 |aCanada. |bMinistère des pêches et des océans. |
| 775 | 08|tSpecies at Risk Act management plan series |w(CaOODSP)9.505125 |